000 01179nam a2200265 u 4500
001 000003039
005 20240430111442.0
008 090706s1996 dr r 000 0 spa d
020 _a8489548234
040 _aDO-SdBNP
_bspa
_cBNPHU
082 _a339.46
_bA367p
100 1 _aAlemán, José Luis,
_97046
245 1 0 _aPolíticas y programas sociales :
_bmenores en circunstancias especialmente difíciles, generación de empleo y pobreza crítica /
_cJosé Luis Alemán, Mirian Díaz Santana.
260 _aSanto Domingo :
_bPUCMM/CUEPS,
_c1996.
300 _a228 p. ;
_c22 cm.
504 _aIncluye referencias bibliográficas y notas al pie de las páginas
590 _aInventariado, 2018/BT
650 4 _aPobreza
_zRepública Dominicana
_92079
650 4 _aTrabajo social con niños
_zRepública Dominicana
_99618
650 4 _aOrganizaciones no-gobernamentales
_zRepública Dominicana
_99619
651 4 _aRepública Dominicana
_xCondiciones Económicas
_9281
700 1 _aDíaz Santana, Miriam
_99620
710 2 _a Universidad Católica Madre y Maestra.
_bCentro Universitario de Estudios Políticos y Sociales
_935753
910 _aValidado. Control de calidad. MMOLINA
999 _c2870
_d2870